000 00455nam a2200133 a 4500
008 120416s1965 ||||||||||||||||| || u
050 _aHA 1977.Z2 Zam
245 1 0 _aDigest of statistics
246 _aexplanatory notes, 1965
260 _aLusaka
_bGovernment Printer
_c1965
300 _a16p.
350 _a0.00
995 _D0.00
_FCBU-MAIN LIBRARY (Kitwe)
_H1
_I0.00
_M1
_UAVAILABLE
_ZZambiana Collection
999 _c40143
_d40143